| 000 | 00737nam a2200205 i 4500 | ||
|---|---|---|---|
| 001 | 159955 | ||
| 003 | ES-MaACL | ||
| 005 | 20230906211907.0 | ||
| 008 | 970609s1893 sp |||| | spa d | ||
| 040 |
_aCYL _bspa _cCYL |
||
| 100 | 0 |
_aMonedero Ordoñez, Dionisio. _982160 |
|
| 245 | 1 | 0 |
_aEpisodios militares del ejército de Africa / _cpor D. Dionisio Monedero ; con un prólogo de Ángel Stor. |
| 250 | _a2ª ed. | ||
| 260 |
_aBurgos : _bImp. y lib. del Centro católico, _c1893. |
||
| 300 |
_a325 p., [1] fot. ; _c20 cm. |
||
| 599 | _aLa fot., retrato del autor. | ||
| 650 | 0 | 4 |
_aGuerra hispano-marroquí, 1859-1860- _vRelatos personales. _913210 |
| 700 | 1 |
_aStor, Angel. _9132915 |
|
| 852 |
_aES-MaACL _jG-13466 _z-- Enc. cartón |
||
| 999 |
_c159955 _d159955 |
||